[Event "Titled Tuesday intern op 16th Apr Late"]
[Site "Chess.com INT"]
[Date "2024.04.16"]
[Round "7"]
[White "Gorovets, Andrey"]
[Black "Paravyan, David"]
[Result "1/2-1/2"]
[WhiteElo "2480"]
[BlackElo "2606"]
[PlyCount "60"]
[EventDate "2024.04.16"]
[EventType "swiss (blitz)"]
[EventRounds "11"]
[EventCountry "USA"]
[SourceTitle "CB17_2024"]
[SourceDate "2024.04.24"]
[SourceVersion "1"]
[SourceVersionDate "2024.04.24"]
[SourceQuality "1"]

1. Nf3 d5 2. g3 g6 3. d4 Bg7 4. c4 dxc4 5. Na3 Nf6 6. Nxc4 0-0 7. Bg2 c5 8. 0-0 Be6 9. b3 Nc6 10. Bb2 cxd4 11. Nxd4 Nxd4 12. Qxd4 Qxd4 13. Bxd4 Bxc4 14. bxc4 Rac8 15. Bxa7 Rxc4 16. Rab1 Rc2 17. Rxb7 Rxe2 18. a4 Ra2 19. Bc6 Rc8 20. Bb5 Nd5 21. Rd1 e6 22. Rb8 Rxb8 23. Bxb8 Bf8 24. Bc4 Rxa4 25. Bxd5 exd5 26. Rxd5 Be7 27. Bd6 Bxd6 28. Rxd6 Kg7 29. h4 h5 30. Kg2 Ra7 1/2-1/2

[Event "Titled Tuesday intern op 02nd Apr Late"]
[Site "Chess.com INT"]
[Date "2024.04.02"]
[Round "4"]
[White "Gorovets, Andrey"]
[Black "Fuentes Godoy, Lilia Ivonne"]
[Result "1/2-1/2"]
[WhiteElo "2480"]
[BlackElo "2144"]
[PlyCount "105"]
[EventDate "2024.04.02"]
[EventType "swiss (blitz)"]
[EventRounds "11"]
[EventCountry "USA"]
[SourceTitle "CB15_2024"]
[SourceDate "2024.04.10"]
[SourceVersion "1"]
[SourceVersionDate "2024.04.10"]
[SourceQuality "1"]

1. d4 d5 2. Nf3 c6 3. c4 e6 4. Nbd2 f5 5. g3 Nf6 6. Bg2 Bd6 7. 0-0 0-0 8. Ne1 b6 9. b3 Bb7 10. Nd3 Nbd7 11. Nf3 Qe7 12. Nfe5 c5 13. Nxd7 Qxd7 14. dxc5 bxc5 15. cxd5 exd5 16. Bf4 Bxf4 17. Nxf4 d4 18. Bxb7 Qxb7 19. Qc2 Ne4 20. Rfe1 Qf7 21. Qc4 Qxc4 22. bxc4 Rfb8 23. Nd3 Rb6 24. Rac1 Rc8 25. e3 Nc3 26. exd4 cxd4 27. c5 Ra6 28. Rc2 Rxa2 29. Rxa2 Nxa2 30. Ra1 Nc3 31. Rxa7 Ne4 32. Ra4 Rc7 33. Rc4 Kf7 34. Kg2 Ke6 35. Nf4+ Ke5 36. c6 Kd6 37. Rxd4+ Kxc6 38. g4 Rf7 39. gxf5 Nd6 40. Rd3 Nxf5 41. Ne2 Rd7 42. Rxd7 Kxd7 43. Ng3 Ke6 44. Kf3 Nxg3 45. fxg3 Kf5 46. h3 Kg5 47. Ke4 Kf6 48. Kf4 g5+ 49. Ke4 Kg6 50. Ke5 Kh5 51. Kf5 h6 52. Kf6 g4 53. h4 1/2-1/2

[Event "Titled Tuesday intern op 13th Feb Early"]
[Site "Chess.com INT"]
[Date "2024.02.13"]
[Round "2"]
[White "Korol, Dimitry"]
[Black "Gorovets, Andrey"]
[Result "1/2-1/2"]
[WhiteElo "2287"]
[BlackElo "2480"]
[PlyCount "89"]
[EventDate "2024.02.13"]
[EventType "swiss (blitz)"]
[EventRounds "11"]
[EventCountry "USA"]
[SourceTitle "CB08_2024"]
[SourceDate "2024.02.21"]
[SourceVersion "1"]
[SourceVersionDate "2024.02.21"]
[SourceQuality "1"]

1. d4 f5 2. c4 Nf6 3. Nf3 e6 4. g3 d5 5. Bg2 Bd6 6. 0-0 0-0 7. Bf4 Bxf4 8. gxf4 c6 9. Ne5 Nbd7 10. Nd2 Nxe5 11. fxe5 Ne4 12. Rc1 Nxd2 13. Qxd2 f4 14. Bf3 a5 15. Kh1 Qh4 16. Rg1 Qxf2 17. Rg2 Qh4 18. Rcg1 g6 19. Rg4 Qh6 20. Qe1 Bd7 21. Rh4 Qg7 22. Qd2 Qf7 23. Rgg4 Qe7 24. Rxf4 Rxf4 25. Rxf4 Qb4 26. Qxb4 axb4 27. cxd5 exd5 28. a3 bxa3 29. bxa3 Rxa3 30. Rf6 Bh3 31. Kg1 Ra8 32. Rd6 Kf7 33. Kf2 Ke7 34. Kg3 Be6 35. Bg4 Bxg4 36. Kxg4 Rf8 37. Kg3 Rf1 38. h4 Re1 39. Kf3 Rf1+ 40. Kg3 Rf5 41. e3 Rf1 42. Kg4 Rf5 43. Kg3 Rf8 44. Kg4 Rf5 45. Kg3 1/2-1/2

[Event "Titled Tuesday intern op 06th Feb Late"]
[Site "Chess.com INT"]
[Date "2024.02.06"]
[Round "3"]
[White "Durarbayli, Vasif"]
[Black "Gorovets, Andrey"]
[Result "1-0"]
[WhiteElo "2627"]
[BlackElo "2480"]
[PlyCount "57"]
[EventDate "2024.02.06"]
[EventType "swiss (blitz)"]
[EventRounds "11"]
[EventCountry "USA"]
[SourceTitle "CB07_2024"]
[SourceDate "2024.02.14"]
[SourceVersion "1"]
[SourceVersionDate "2024.02.14"]
[SourceQuality "1"]

1. e4 c5 2. Nf3 Nc6 3. Bb5 e6 4. 0-0 Nge7 5. c3 a6 6. Ba4 b5 7. Bc2 d5 8. a4 b4 9. e5 c4 10. b3 a5 11. d4 Ba6 12. Re1 Rb8 13. Bg5 Qb6 14. bxc4 dxc4 15. cxb4 axb4 16. a5 Qb7 17. Bxe7 Bxe7 18. d5 exd5 19. Qxd5 Qb5 20. Qe4 g6 21. Ba4 0-0 22. Bxb5 Bxb5 23. Nbd2 c3 24. Nb3 Rfc8 25. a6 Ra8 26. e6 f6 27. Qd5 Bxa6 28. Qd7 Ra7 29. Rxa6 1-0

[Event "Titled Tuesday intern op 23rd Jan Late"]
[Site "Chess.com INT"]
[Date "2024.01.23"]
[Round "11"]
[White "Gorovets, Andrey"]
[Black "Chigaev, Maksim"]
[Result "1-0"]
[WhiteElo "2493"]
[BlackElo "2622"]
[PlyCount "105"]
[EventDate "2024.01.23"]
[EventType "swiss (blitz)"]
[EventRounds "11"]
[EventCountry "USA"]
[SourceTitle "CB05_2024"]
[SourceDate "2024.01.31"]
[SourceVersion "1"]
[SourceVersionDate "2024.01.31"]
[SourceQuality "1"]

1. Nf3 Nf6 2. c4 g6 3. d4 Bg7 4. g3 0-0 5. Bg2 d6 6. 0-0 c5 7. Nc3 Nc6 8. d5 Na5 9. Nd2 a6 10. Rb1 b5 11. cxb5 axb5 12. Nxb5 Qb6 13. Nc3 Bf5 14. e4 Bc8 15. b3 Ba6 16. Re1 Bd3 17. Ra1 Ng4 18. Na4 Qa7 19. Bb2 Nxf2 20. Kxf2 c4+ 21. Kf3 f5 22. e5 g5 23. Bf1 Be4+ 24. Nxe4 fxe4+ 25. Kg4 Qf2 26. Kh3 Rf3 27. Rxe4 h5 28. Qe2 g4+ 29. Kh4 Raf8 30. Kxh5 Qg1 31. Rxg4 Rf2 32. Rxg7+ Kh8 33. e6 Qxh2+ 34. Kg4 Rxe2 35. Rf7+ Rxb2 36. Rxf8+ Kg7 37. Rf7+ Kg8 38. Nxb2 Qxb2 39. Re1 Qd4+ 40. Kh3 Qxd5 41. Kh2 Qd2+ 42. Re2 Qh6+ 43. Bh3 Nc6 44. bxc4 Ne5 45. Rf4 Qh5 46. Ref2 Kg7 47. Kg2 Qh7 48. Bf5 Qh6 49. a4 Qh8 50. a5 Qa8+ 51. Be4 Qxa5 52. Bd5 Qa8 53. Bxa8 1-0

[Event "Titled Tuesday intern op 23rd Jan Late"]
[Site "Chess.com INT"]
[Date "2024.01.23"]
[Round "1"]
[White "Gorovets, Andrey"]
[Black "Ladan, Nicholas John"]
[Result "1-0"]
[WhiteElo "2493"]
[BlackElo "2168"]
[PlyCount "93"]
[EventDate "2024.01.23"]
[EventType "swiss (blitz)"]
[EventRounds "11"]
[EventCountry "USA"]
[SourceTitle "CB05_2024"]
[SourceDate "2024.01.31"]
[SourceVersion "1"]
[SourceVersionDate "2024.01.31"]
[SourceQuality "1"]

1. Nf3 d5 2. g3 Bg4 3. Bg2 e6 4. h3 Bxf3 5. Bxf3 Nd7 6. d4 Bd6 7. c4 c6 8. Qb3 Rb8 9. Nc3 Ne7 10. e4 0-0 11. exd5 exd5 12. cxd5 Nf5 13. Ne2 cxd5 14. Qxd5 Bb4+ 15. Kf1 g6 16. Bf4 Rc8 17. Qxb7 Bd6 18. Bxd6 Nxd6 19. Qxa7 Rc2 20. Kg2 Rxb2 21. Qa3 Qb8 22. Rhc1 Re8 23. Qd3 Nf5 24. Rab1 Nf6 25. Rxb2 Qxb2 26. Rc2 Qa1 27. Qc3 Qb1 28. Rb2 Qa1 29. d5 Kg7 30. Qc1 Qxc1 31. Nxc1 Nd4 32. Rd2 Nf5 33. Nb3 Rd8 34. a4 Nd6 35. a5 Nd7 36. Rc2 Ra8 37. Rc6 Nb5 38. d6 Ra7 39. Be2 Ne5 40. Bxb5 Nxc6 41. Bxc6 Kf6 42. d7 Ke7 43. Bb5 f5 44. a6 Ra8 45. Nd4 Kd6 46. a7 Kc5 47. d8Q 1-0

[Event "Titled Tuesday intern op 23rd Jan Late"]
[Site "Chess.com INT"]
[Date "2024.01.23"]
[Round "5"]
[White "Gorovets, Andrey"]
[Black "Pavlidou, Ekaterini"]
[Result "1-0"]
[WhiteElo "2493"]
[BlackElo "2206"]
[PlyCount "107"]
[EventDate "2024.01.23"]
[EventType "swiss (blitz)"]
[EventRounds "11"]
[EventCountry "USA"]
[SourceTitle "CB05_2024"]
[SourceDate "2024.01.31"]
[SourceVersion "1"]
[SourceVersionDate "2024.01.31"]
[SourceQuality "1"]

1. Nf3 c5 2. c4 Nc6 3. d4 cxd4 4. Nxd4 g6 5. e4 Bg7 6. Be3 d6 7. Nc3 Nf6 8. f3 0-0 9. Qd2 Nxd4 10. Bxd4 Nd7 11. h4 h5 12. Bxg7 Kxg7 13. 0-0-0 Nc5 14. e5 Bf5 15. exd6 exd6 16. Qd4+ Kg8 17. Nd5 Ne6 18. Nf6+ Kh8 19. Qc3 Ng7 20. g4 hxg4 21. fxg4 Bxg4 22. Nxg4 f5 23. Ne5 Qf6 24. Nf3 Qe7 25. Rg1 Rf6 26. Re1 Qf8 27. Bd3 d5 28. Kb1 dxc4 29. Bxc4 Rc8 30. Qb3 Rb6 31. Qd3 Qb4 32. Bb3 a5 33. Qd4 Qxd4 34. Nxd4 Rb4 35. Ne6 a4 36. Bc2 Rbc4 37. Bd3 Rxh4 38. Rxg6 Nxe6 39. Rgxe6 a3 40. bxa3 Rc3 41. Bxf5 Rxa3 42. Rb6 Ra5 43. Rxb7 Ra8 44. Bc2 Rf8 45. Rbe7 Rh2 46. Re8 Rxe8 47. Rxe8+ Kg7 48. a4 Kf7 49. Re1 Rh4 50. Kb2 Rb4+ 51. Bb3+ Kf6 52. Kc3 Rb7 53. a5 Rb8 54. Bc4 1-0

[Event "Titled Tuesday intern op 23rd Jan Late"]
[Site "Chess.com INT"]
[Date "2024.01.23"]
[Round "6"]
[White "Smirnov, Anton"]
[Black "Gorovets, Andrey"]
[Result "1-0"]
[WhiteElo "2586"]
[BlackElo "2493"]
[PlyCount "75"]
[EventDate "2024.01.23"]
[EventType "swiss (blitz)"]
[EventRounds "11"]
[EventCountry "USA"]
[SourceTitle "CB05_2024"]
[SourceDate "2024.01.31"]
[SourceVersion "1"]
[SourceVersionDate "2024.01.31"]
[SourceQuality "1"]

1. e4 c5 2. Nf3 e6 3. d4 cxd4 4. Nxd4 Nc6 5. Nb5 d6 6. c4 Nf6 7. N1c3 a6 8. Na3 b6 9. Be2 Bb7 10. 0-0 Nb8 11. f3 Nbd7 12. Be3 Be7 13. Qd2 0-0 14. Rfd1 Qc7 15. Bf1 Rac8 16. Rac1 h6 17. Nc2 Qb8 18. Qf2 Bd8 19. Kh1 Bc7 20. Qg1 Kh8 21. Nd4 g5 22. b3 Rg8 23. Bd3 g4 24. Qe1 gxf3 25. gxf3 Rg6 26. Qh4 Ng8 27. Rg1 Ne5 28. Bb1 b5 29. cxb5 Bd8 30. Qh3 Kg7 31. bxa6 Ba8 32. Ndb5 Be7 33. Ba7 Rxc3 34. Bxb8 Rxf3 35. Rxg6+ Kxg6 36. Qg2+ Kh7 37. Bxd6 Bg5 38. Bxe5 1-0

[Event "BLR-ch 90th"]
[Site "Minsk"]
[Date "2024.01.15"]
[Round "6"]
[White "Kramich, Aliaksei"]
[Black "Gorovets, Andrey"]
[Result "1/2-1/2"]
[WhiteElo "2113"]
[BlackElo "2493"]
[PlyCount "61"]
[EventDate "2024.01.10"]
[EventType "tourn"]
[EventRounds "9"]
[EventCountry "BLR"]
[EventCategory "2"]
[SourceTitle "CB04_2024"]
[SourceDate "2023.10.16"]
[SourceVersion "1"]
[SourceVersionDate "2023.10.16"]
[SourceQuality "1"]

1. e4 c6 2. d4 d5 3. exd5 cxd5 4. Bd3 Nf6 5. c3 Bg4 6. Qb3 Qc7 7. h3 Bh5 8. Ne2 e6 9. Nf4 Bd6 10. Nxh5 Nxh5 11. 0-0 Nf4 12. Bxf4 Bxf4 13. c4 dxc4 14. Bxc4 0-0 15. d5 exd5 16. Bxd5 Nd7 17. Nc3 Rad8 18. Rad1 Nb6 19. Bf3 Bh2+ 20. Kh1 Be5 21. Nd5 Nxd5 22. Bxd5 Rd7 23. g3 g6 24. Rd3 Rfd8 25. Rfd1 Kg7 26. Kg2 Qc5 27. Bxb7 Rxd3 28. Rxd3 Rxd3 29. Qxd3 Bxb2 30. Qd5 Qxd5+ 31. Bxd5 1/2-1/2

[Event "Wch Blitz"]
[Site "Samarkand"]
[Date "2023.12.29"]
[Round "2"]
[White "Gorovets, Andrey"]
[Black "Murzin, Volodar"]
[Result "0-1"]
[WhiteElo "2481"]
[BlackElo "2627"]
[PlyCount "134"]
[EventDate "2023.12.29"]
[EventType "swiss (blitz)"]
[EventRounds "21"]
[EventCountry "UZB"]
[SourceTitle "CB01_2024"]
[SourceDate "2024.01.03"]
[SourceVersion "1"]
[SourceVersionDate "2024.01.03"]
[SourceQuality "1"]

1. Nf3 d5 2. g3 Bg4 3. Bg2 c6 4. h3 Bh5 5. c4 e6 6. d4 Nf6 7. 0-0 Be7 8. Nc3 0-0 9. g4 Bg6 10. Ne5 Nbd7 11. Nxg6 hxg6 12. Qd3 Qa5 13. cxd5 exd5 14. Bf4 Rfe8 15. g5 Nh5 16. Bd2 Qb6 17. h4 Nf8 18. Bh3 Bd6 19. e3 Ne6 20. Rab1 a5 21. Kg2 Qa6 22. Qxa6 Rxa6 23. f4 f5 24. a3 Kf7 25. Kf2 Rh8 26. Bg2 Raa8 27. Ne2 Ke7 28. Rfc1 Kd7 29. Ra1 Nc7 30. Bf3 Be7 31. Rc2 Ne8 32. Nc1 Nd6 33. Nd3 Ke6 34. Ne5 Rh7 35. Nxg6 a4 36. Rb1 Nc4 37. Bc1 Bd6 38. Ne5 Bxe5 39. dxe5 g6 40. b3 axb3 41. Rxb3 b5 42. Bd2 Ng7 43. Kg3 Nh5+ 44. Kf2 Ng7 45. Kg3 Rah8 46. a4 Rxh4 47. axb5 Rh3+ 48. Kf2 Rh2+ 49. Bg2 c5 50. b6 Rb8 51. b7 Nh5 52. Rxc4 dxc4 53. Rb6+ Kf7 54. Kg1 Rh4 55. Bf3 Ng3 56. Be1 Rh3 57. Kg2 Rh1 58. Bxg3 c3 59. Bd5+ Kg7 60. Bb3 Rb1 61. Rc6 Rxb3 62. Rc7+ Kf8 63. Be1 R8xb7 64. Rxc5 Rb2+ 65. Kf3 c2 66. Bd2 Rd7 67. Ke2 c1Q 0-1

[Event "Wch Rapid"]
[Site "Samarkand"]
[Date "2023.12.27"]
[Round "7"]
[White "Seemann, Jakub"]
[Black "Gorovets, Andrey"]
[Result "1-0"]
[WhiteElo "2441"]
[BlackElo "2481"]
[PlyCount "112"]
[EventDate "2023.12.26"]
[EventType "swiss (rapid)"]
[EventRounds "13"]
[EventCountry "UZB"]
[SourceTitle "CB01_2024"]
[SourceDate "2024.01.03"]
[SourceVersion "1"]
[SourceVersionDate "2024.01.03"]
[SourceQuality "1"]

1. d4 f5 2. c4 Nf6 3. Nf3 e6 4. Bf4 b6 5. e3 Bb7 6. h3 Bb4+ 7. Nc3 Ne4 8. Qc2 d6 9. Bd3 Nd7 10. 0-0 Bxc3 11. bxc3 g5 12. Bh2 Ndf6 13. d5 exd5 14. Nd4 g4 15. cxd5 Bxd5 16. Bb5+ Kf7 17. Nxf5 gxh3 18. f3 hxg2 19. Qxg2 Rg8 20. Nh6+ Ke7 21. Nxg8+ Qxg8 22. Bf4 Qxg2+ 23. Kxg2 Rg8+ 24. Kh2 Nd2 25. e4 Nxf1+ 26. Rxf1 Be6 27. a3 Nd7 28. Be2 Ne5 29. Re1 Kd7 30. Bg3 Bc4 31. f4 Ng4+ 32. Bxg4+ Rxg4 33. Kg2 h5 34. Kf3 Bf7 35. f5 Bb3 36. Rh1 Bc2 37. Bf4 Rg8 38. Rc1 Bb3 39. Ke3 Rg2 40. Kd3 b5 41. e5 Bc4+ 42. Kd4 c5+ 43. Ke4 Re2+ 44. Be3 dxe5 45. Rg1 Ke8 46. Rg7 a5 47. f6 b4 48. cxb4 cxb4 49. axb4 axb4 50. Kf3 e4+ 51. Kf4 b3 52. Re7+ Kd8 53. Bb6+ Kc8 54. Rc7+ Kb8 55. Rxc4 Re1 56. Bf2 Rf1 1-0

[Event "Wch Rapid"]
[Site "Samarkand"]
[Date "2023.12.26"]
[Round "3"]
[White "Aronian, Levon"]
[Black "Gorovets, Andrey"]
[Result "1-0"]
[WhiteElo "2723"]
[BlackElo "2481"]
[PlyCount "125"]
[EventDate "2023.12.26"]
[EventType "swiss (rapid)"]
[EventRounds "13"]
[EventCountry "UZB"]
[SourceTitle "CB01_2024"]
[SourceDate "2024.01.03"]
[SourceVersion "1"]
[SourceVersionDate "2024.01.03"]
[SourceQuality "1"]

1. d4 f5 2. Nf3 Nf6 3. Bg5 e6 4. Nbd2 Be7 5. Bxf6 Bxf6 6. e4 d5 7. exf5 exf5 8. Bd3 0-0 9. 0-0 Nc6 10. c3 Qd6 11. Re1 Bd7 12. Nf1 g6 13. Qb3 Na5 14. Qc2 Rae8 15. Ne3 f4 16. Nf1 Kg7 17. h3 b6 18. b4 Nc4 19. Bxc4 dxc4 20. N1d2 Qc6 21. Rad1 Bf5 22. Qc1 Qd5 23. Qa3 b5 24. Qxa7 Qc6 25. Qa3 Ra8 26. Qb2 Qa6 27. Ne4 Bxe4 28. Rxe4 Qxa2 29. Qc1 g5 30. Re6 Rfe8 31. Rc6 Re2 32. Rxc7+ Kg8 33. Rd2 Qa1 34. Qxa1 Rxa1+ 35. Kh2 Rae1 36. Rc5 Rxd2 37. Nxd2 Re2 38. Nf3 h6 39. Rxb5 Rc2 40. h4 g4 41. Rf5 Kg7 42. Ne5 Rxc3 43. Nxg4 Bxd4 44. Rd5 Rd3 45. Ne5 Bxe5 46. Rxe5 f3 47. g4 Rb3 48. b5 c3 49. Kg3 c2 50. Rc5 Rxb5 51. Rxc2 h5 52. Rc7+ Kg6 53. g5 Rb4 54. Rc6+ Kg7 55. Rf6 Rg4+ 56. Kh3 Rg1 57. Rxf3 Rg4 58. Rf6 Ra4 59. f3 Ra1 60. Rh6 Rh1+ 61. Kg3 Rg1+ 62. Kh2 Rf1 63. Kg2 1-0

[Event "RUS Cup tt"]
[Site "Sochi"]
[Date "2023.12.02"]
[Round "6.6"]
[White "Kholin, Aleksandr1"]
[Black "Gorovets, Andrey"]
[Result "0-1"]
[WhiteElo "2297"]
[BlackElo "2463"]
[PlyCount "54"]
[EventDate "2023.11.27"]
[EventType "team-swiss"]
[EventRounds "7"]
[EventCountry "RUS"]
[SourceTitle "CB49_2023"]
[SourceDate "2023.12.06"]
[SourceVersion "1"]
[SourceVersionDate "2023.12.06"]
[SourceQuality "1"]
[WhiteTeam "Donetsk"]
[BlackTeam "Belarus"]
[WhiteTeamCountry "RUS"]
[BlackTeamCountry "BLR"]

1. e4 d6 2. d4 Nf6 3. Nc3 c6 4. Nf3 Bg4 5. h3 Bh5 6. g4 Bg6 7. Bd3 e6 8. g5 Nfd7 9. Nh4 d5 10. Nxg6 hxg6 11. Be3 Bb4 12. a3 Bxc3+ 13. bxc3 Qa5 14. Bd2 dxe4 15. Bxe4 Nb6 16. Qb1 Rh4 17. Bd3 Qd5 18. Ke2 e5 19. dxe5 N8d7 20. Qb3 Qxe5+ 21. Kd1 Nc5 22. Qa2 Nxd3 23. cxd3 Qf5 24. Re1+ Kf8 25. d4 Qxf2 26. Qb3 Rxh3 27. Qb4+ Kg8 0-1

[Event "RUS Cup tt"]
[Site "Sochi"]
[Date "2023.12.01"]
[Round "5.6"]
[White "Gorovets, Andrey"]
[Black "Rodin, Mihail"]
[Result "1-0"]
[WhiteElo "2463"]
[BlackElo "2318"]
[PlyCount "85"]
[EventDate "2023.11.27"]
[EventType "team-swiss"]
[EventRounds "7"]
[EventCountry "RUS"]
[SourceTitle "CB49_2023"]
[SourceDate "2023.12.06"]
[SourceVersion "1"]
[SourceVersionDate "2023.12.06"]
[SourceQuality "1"]
[WhiteTeam "Belarus"]
[BlackTeam "Russia Veterans"]
[WhiteTeamCountry "BLR"]
[BlackTeamCountry "RUS"]

1. Nf3 d5 2. g3 Nf6 3. Bg2 c6 4. 0-0 Bf5 5. c4 e6 6. Qb3 Qb6 7. d3 Nbd7 8. cxd5 Qxb3 9. axb3 exd5 10. Nc3 Nc5 11. Nd4 Bd7 12. Be3 Ng4 13. Bd2 Be7 14. h3 Nf6 15. b4 Ne6 16. Nxe6 Bxe6 17. b5 0-0 18. bxc6 bxc6 19. Rfc1 Rfc8 20. Ra6 Nd7 21. Rca1 Rab8 22. Na4 Rb7 23. Be3 Rcc7 24. Bf4 Rc8 25. Rc1 c5 26. Nc3 Nf6 27. Bg5 Rd7 28. Rca1 Rcc7 29. R1a5 Rb7 30. Na4 h6 31. Be3 Rdc7 32. Bxc5 Bxc5 33. Nxc5 Rxb2 34. Nxe6 fxe6 35. Rxe6 Rc1+ 36. Kh2 Re1 37. Bf3 d4 38. Rxa7 Rf1 39. Kg2 Rbb1 40. Ree7 Rg1+ 41. Kh2 Rgf1 42. Rxg7+ Kh8 43. g4 1-0

[Event "RUS Cup tt"]
[Site "Sochi"]
[Date "2023.11.28"]
[Round "2.6"]
[White "Lebedev, Artem S"]
[Black "Gorovets, Andrey"]
[Result "1/2-1/2"]
[WhiteElo "2033"]
[BlackElo "2463"]
[PlyCount "91"]
[EventDate "2023.11.27"]
[EventType "team-swiss"]
[EventRounds "7"]
[EventCountry "RUS"]
[SourceTitle "CB49_2023"]
[SourceDate "2023.12.06"]
[SourceVersion "1"]
[SourceVersionDate "2023.12.06"]
[SourceQuality "1"]
[WhiteTeam "Krasnodarsk Region"]
[BlackTeam "Belarus"]
[WhiteTeamCountry "RUS"]
[BlackTeamCountry "BLR"]

1. e4 d6 2. d4 Nf6 3. Nc3 c6 4. a4 g6 5. g3 Bg7 6. Bg2 0-0 7. Nge2 e5 8. 0-0 a5 9. h3 Na6 10. Be3 Nb4 11. Qd2 Be6 12. Rad1 Bc4 13. b3 Ba6 14. Rfe1 Qc7 15. Nc1 Rad8 16. N3a2 d5 17. Nxb4 axb4 18. dxe5 Nxe4 19. Qxb4 c5 20. Qa3 b6 21. Bxe4 dxe4 22. a5 bxa5 23. Qxc5 Qxc5 24. Bxc5 Rxd1 25. Rxd1 Rc8 26. Be7 Bxe5 27. Rd8+ Rxd8 28. Bxd8 Bc3 29. Na2 Bd2 30. c3 Bc8 31. Bxa5 Be6 32. Nb4 Bxb3 33. Nc6 Bc4 34. h4 h6 35. Ne5 Be2 36. Nc6 Bc4 37. Ne5 Ba6 38. Ng4 Kg7 39. Ne3 Be2 40. Nd5 Bc4 41. Ne3 Ba6 42. Nd5 Bb7 43. Ne3 g5 44. hxg5 hxg5 45. Nc4 Bc1 46. Bb6 1/2-1/2